书目信息 |
| 题名: |
园林景观设计要素
|
|
| 作者: | 王洪成 , 吕晨 著 | |
| 分册: | ||
| 出版信息: | 天津 天津大学出版社 2007.02 |
|
| 页数: | 195页 | |
| 开本: | 29cm | |
| 丛书名: | ||
| 单 册: | ||
| 中图分类: | TU986.2 | |
| 科图分类: | ||
| 主题词: | 景观--jing guan--园林设计 | |
| 电子资源: | ||
| ISBN: | 978-7-5618-2229-6 | |
| 000 | 00797nam0 2200241 450 | |
| 001 | 012007667997 | |
| 005 | 20071108164057.98 | |
| 010 | @a978-7-5618-2229-6@dCNY96.00 | |
| 100 | @a20071108d2007 km y0chiy0120 ea | |
| 101 | 0 | @achi |
| 102 | @aCN@b120000 | |
| 105 | @aa z 000yy | |
| 106 | @ar | |
| 200 | 1 | @a园林景观设计要素@Ayuan lin jing guan she ji yao su@f王洪成, 吕晨著@Fwang hong cheng,lu chen zhu |
| 210 | @a天津@c天津大学出版社@d2007.02 | |
| 215 | @a195页@c图@d29cm | |
| 330 | @a本书内容包括: 园林景观中的自然要素、园林景观中的文化要素、园林景观中的景观要素、园林景观要素分析。 | |
| 606 | 0 | @a景观@Ajing guan@x园林设计 |
| 690 | @aTU986.2@v4 | |
| 701 | 0 | @a王洪成@Awang hong cheng@4著 |
| 701 | 0 | @a吕晨@Alu chen@4著 |
| 801 | 0 | @aCN@b@c20071108 |
| 905 | @b266721@dTU986.2@eW200@f1 | |
| 园林景观设计要素/王洪成, 吕晨著.-天津:天津大学出版社,2007.02 |
| 195页:图;29cm |
| ISBN 978-7-5618-2229-6:CNY96.00 |
| 本书内容包括: 园林景观中的自然要素、园林景观中的文化要素、园林景观中的景观要素、园林景观要素分析。 |
| ● |
| 相关链接 |
|
|
|
正题名:园林景观设计要素
索取号:TU986.2/W200
 
预约/预借
| 序号 | 登录号 | 条形码 | 馆藏地/架位号 | 状态 | 备注 |
| 1 | 266721 | 202667211 | 建筑库201/201建筑库 68排7列5层/ [索取号:TU986.2/W200] | 在馆 |